Los procesos erosivos en una perspectiva sociocultural / (Registro nro. 2583)
[ vista simple ]
| 000 -CABECERA | |
|---|---|
| Campo de control | 00869cam a2200229 i 4500 |
| 005 - FECHA Y HORA DE LA ULTIMA TRANSACCION | |
| Campo de control | 20160206155345.0 |
| 008 - ELEMENTOS DE LONGITUD FIJA—INFORMACION GENERAL | |
| Campo de control | 030721s1999 ck a r 000 0 spa d |
| 015 ## - NATIONAL BIBLIOGRAPHY NUMBER | |
| National bibliography number | SSS |
| 020 ## - ISBN | |
| ISBN | 9583312843 |
| 040 ## - FUENTE DE CATALOGACIÓN | |
| Agencia catalogadora original | CO-BoPUJ |
| Agencia transcriptora | CO-BoIAVH |
| Agencia Modificadora | CO-BoIAVH |
| 041 0# - IDIOMA | |
| Código de idioma para texto/pista de sonido o título separado | Español |
| 043 ## - GEOGRAPHIC AREA CODE | |
| Geographic area code | s-ck--- |
| 044 ## - PAÍS DE PUBLICACIÓN | |
| País de publicación | Colombia |
| 082 04 - NUMERO DE CLASIFICACION DECIMAL DEWEY | |
| Número de clasificación | 631.45 |
| Número del ítem | P96p |
| 245 04 - MENCION DE TITULO | |
| Título | Los procesos erosivos en una perspectiva sociocultural / |
| Mención de responsabilidad | presentación Hernándo Martínez Aguilera, Iván Orlando Briceño Chávez y Alois Kohler. |
| 260 ## - PUBLICACION, DISTRIBUCION, ETC. (PIE DE IMPRENTA) | |
| Lugar de publicación, distribución, etc. | Villavicencio, Colombia : |
| Nombre del editor, distribuidor, etc. | Duplolito, |
| Fecha de publicación, distribución, etc. | 1999. |
| 300 ## - DESCRIPCION FISICA | |
| Extensión | 138 páginas : |
| Otros detalles físicos | ilustraciones, fotos y mapas ; |
| Dimensiones | 16 cm. |
| 504 ## - NOTA DE BIBLIOGRAFIA, ETC. | |
| Nota de bibliografía | Incluye referencias bibliográficas. |
| 650 14 - ASIENTO SECUNDARIO DE MATERIA - TERMINO TEMATICO | |
| Término temático o nombre geográfico como elemento de entrada | Erosión de suelos |
| Subdivisión geográfica | Río guatiquía (Villavicencio, Colombia) |
| 9 (RLIN) | 57737 |
| 650 24 - ASIENTO SECUNDARIO DE MATERIA - TERMINO TEMATICO | |
| Término temático o nombre geográfico como elemento de entrada | Uso de la tierra |
| Subdivisión geográfica | Río guatiquía (Villavicencio, Colombia) |
| 9 (RLIN) | 57738 |
| 942 ## - ELEMENTOS ADICIONALES (KOHA) | |
| Sistema de clasificación | Dewey Decimal Classification |
| Tipo de ítem | Libro |
| Withdrawn status | Lost status | Sistema de Clasificación | Damaged status | No para préstamo | Colección | Inventariado | Ubicación Permanente | Ubicación actual | Fecha de adquisición | Valor | Total Checkouts | Número topográfico | Inventario / Código de Barras | Date last seen | Ejemplar | Price effective from | Forma de adquisición | Tipo de material |
|---|---|---|---|---|---|---|---|---|---|---|---|---|---|---|---|---|---|---|
| Dewey Decimal Classification | General | Inventariado 2017 | Bogotá | Bogotá | 15/04/2002 | 39000.00 | LB-631.45 P96p | 003168 | 04/12/2012 | Ej. 1 | 04/12/2012 | Libro |